header

The new Arab revolt (Record no. 91824)

MARC details
000 -LEADER
fixed length control field 01968nam a2200397Ia 4500
245 04 - TITLE STATEMENT
Title The new Arab revolt
260 ## - PUBLICATION, DISTRIBUTION, ETC. (IMPRINT)
Place of publication New York :
Name of publisher Council on Foreign Relations,
Year of publication c2011.
300 ## - PHYSICAL DESCRIPTION
Number of Pages xvi, 480 p. :
Other physical details map.
500 ## - GENERAL NOTE
General note "The volume includes seminal pieces from Foreign Affairs, ForeignAffairs.com, and CFR.org. In addition, major public statements by Barack Obama, Hillary Rodham Clinton, Hosni Mubarak, Muammar al-Qaddafi, and others are joined by Egyptian opposition writings and relevant primary source documents.".
650 #0 - SUBJECT ADDED ENTRY--TOPICAL TERM
Topical Term Revolutions
Topical Term Government, Resistance to
Topical Term Democratization
Topical Term Islam and politics
856 40 - ELECTRONIC LOCATION AND ACCESS
Uniform Resource Identifier http://site.ebrary.com/lib/rucke/Doc?id=10554809

No items available.

© 2026 Rongo University
Contact us: librarian | system librarian | Rongo university